| 000 | 00421 a2200169 4500 | ||
|---|---|---|---|
| 020 | _a9788120345539 | ||
| 024 | _a9788120345539 | ||
| 082 | _a350 | ||
| 090 |
_c6964 _d6964 |
||
| 100 | _aHenry,Nicholas | ||
| 245 |
_aPublic Administration and Public Affairs. _cNicholas Henry |
||
| 250 | _a12th. | ||
| 260 |
_aNew Delhi _bPHI Learning. _c2012 |
||
| 300 | _a482p. | ||
| 500 | _aPaper cover | ||
| 942 |
_aNBS _cBK _k350 HEN |
||
| 999 |
_c349300 _d349300 |
||